Revista Divergencia

Detalles Bibliográficos
Formato: eBook
Lenguaje:español
Publicado: Bogot:̀ Universidad Externado de Colombia, 2005 -
Materias:
Acceso en línea:Acceso restringido

MARC

LEADER 00000nam a22000007a 4500
005 20200608223335.0
007 cr|||| ||||
008 200608c20059999co fr|w s|||| 0|||b1spa d
022 |a 1900-3501 
035 |a 31594 
040 |a vLex 
090 |c 10582  |d 10582 
245 0 0 |a  Revista Divergencia  |h [Recurso electrn̤ico] / 
256 |a Servicio en ln̕ea 
260 |a Bogot:̀  |b Universidad Externado de Colombia,  |c 2005 - 
300 |a 1 recurso electrn̤ico 
310 |a Semestral 
362 |a Nð 1 (Ago. 2005) - 
506 1 |a Disponible solo en los productos indicados  |d vLex Global  |d vLex Global (Academic Edition, excluding Law Schools)  |d vLex Global (U.S. Academic Edition, Law Schools)  |d vLex Global (U.S. Academic Edition, excluding Law Schools)  |d vLex Global (Academic Edition, Law Schools) 
650 0 4 |a Economa̕ y negocios  |z Colombia 
740 0 |a vLex Revistas (Servicio en ln̕ea) 
856 4 0 |u http://vlex.com/source/revista-divergencia-31594  |z Acceso restringido 
942 |c REV 
999 0 |a Economy and business